<?xml version="1.0" encoding="UTF-8"?>
<record
    xmlns:xsi="http://www.w3.org/2001/XMLSchema-instance"
    xsi:schemaLocation="http://www.loc.gov/MARC21/slim http://www.loc.gov/standards/marcxml/schema/MARC21slim.xsd"
    xmlns="http://www.loc.gov/MARC21/slim">

  <leader>01600    a2200241   4500</leader>
  <controlfield tag="001">28911</controlfield>
  <controlfield tag="005">20260407155558.0</controlfield>
  <controlfield tag="008">260407a1993    arg                 spa d</controlfield>
  <controlfield tag="003">AR-UNSa-BCEJYS</controlfield>
  <datafield tag="040" ind1=" " ind2=" ">
    <subfield code="a">AR-UNSa-BCEJYS</subfield>
    <subfield code="b">spa</subfield>
    <subfield code="c">AR-UNSa-BCEJYS</subfield>
  </datafield>
  <datafield tag="080" ind1=" " ind2=" ">
    <subfield code="a">347.61</subfield>
    <subfield code="x">La familia</subfield>
  </datafield>
  <datafield tag="245" ind1="1" ind2="0">
    <subfield code="a">Derecho civil</subfield>
    <subfield code="p">Derecho de familia</subfield>
  </datafield>
  <datafield tag="020" ind1=" " ind2=" ">
    <subfield code="a">950-508-300-9</subfield>
  </datafield>
  <datafield tag="250" ind1=" " ind2=" ">
    <subfield code="a">2a. ed.</subfield>
  </datafield>
  <datafield tag="264" ind1=" " ind2="1">
    <subfield code="a">Buenos Aires :</subfield>
    <subfield code="b">Astrea</subfield>
    <subfield code="c">1993</subfield>
  </datafield>
  <datafield tag="300" ind1=" " ind2=" ">
    <subfield code="a">2 v.</subfield>
    <subfield code="c">23 cm.</subfield>
  </datafield>
  <datafield tag="505" ind1=" " ind2=" ">
    <subfield code="a">Vol. I: 1. Familia y derecho de familia - 2. Estado de familia - 3. Parentesco - 4. Caracterizaci&#xF3;n del acto jur&#xED;dico matrimonial - 5. Cuestiones jur&#xED;dicas previas a la celebraci&#xF3;n del matrimonio - 6. Presupuestos del acto jur&#xED;dico matrimonial - 7. Estructura del acto jur&#xED;dico matrimonial - 8. Ineficacia del acto jur&#xED;dico matrimonial - 9.Nulidad de matrimonio - 10. Relaciones personales de los c&#xF3;nyuges - 11. Caracterizaci&#xF3;n de reg&#xED;menes y derecho argentino - 12.Activo y pasivo de la sociedad conyugal - 13. Administraci&#xF3;n y disposici&#xF3;n de bienes - 14. Disoluci&#xF3;n y liquidaci&#xF3;n  -- Vol. II: 15. Disoluci&#xF3;n del v&#xED;nculo matrimonial - 16. Separaci&#xF3;n personal y divorcio vincular - 17. Concubinato - 18.Filiaci&#xF3;n - 19. Acciones de estado relativas a la filiaci&#xF3;n - 20. Biogen&#xE9;tica y filiaci&#xF3;n - 21. Adopci&#xF3;n - 22. Patria Potestad - 23. Tutela de menores</subfield>
  </datafield>
  <datafield tag="041" ind1=" " ind2=" ">
    <subfield code="a">spa</subfield>
  </datafield>
  <datafield tag="942" ind1=" " ind2=" ">
    <subfield code="c">BK</subfield>
  </datafield>
  <datafield tag="590" ind1=" " ind2=" ">
    <subfield code="a">niveau_biblio:m niveau_hierar:0</subfield>
  </datafield>
  <datafield tag="100" ind1="1" ind2=" ">
    <subfield code="a">Zannoni, Eduardo A.</subfield>
  </datafield>
  <datafield tag="856" ind1="4" ind2="1">
    <subfield code="u">https://biblioeco.unsa.edu.ar/pmb/images/libros/Derecho Civil Derecho de Familia-l119991.jpg</subfield>
    <subfield code="y">Imagen de portada</subfield>
    <subfield code="q">image/jpeg</subfield>
  </datafield>
  <datafield tag="999" ind1=" " ind2=" ">
    <subfield code="c">1752</subfield>
    <subfield code="d">1752</subfield>
  </datafield>
  <datafield tag="952" ind1=" " ind2=" ">
    <subfield code="0">0</subfield>
    <subfield code="1">0</subfield>
    <subfield code="4">0</subfield>
    <subfield code="7">0</subfield>
    <subfield code="a">BCEJYS</subfield>
    <subfield code="b">BCEJYS</subfield>
    <subfield code="c">16</subfield>
    <subfield code="d">2026-04-07</subfield>
    <subfield code="l">0</subfield>
    <subfield code="o">347.61 Z32 v.1 2ed.</subfield>
    <subfield code="p">L119991</subfield>
    <subfield code="r">2026-04-07 15:55:58</subfield>
    <subfield code="w">2026-04-07</subfield>
    <subfield code="y">L</subfield>
  </datafield>
  <datafield tag="952" ind1=" " ind2=" ">
    <subfield code="0">0</subfield>
    <subfield code="1">0</subfield>
    <subfield code="4">0</subfield>
    <subfield code="7">0</subfield>
    <subfield code="a">BCEJYS</subfield>
    <subfield code="b">BCEJYS</subfield>
    <subfield code="c">16</subfield>
    <subfield code="d">2026-04-07</subfield>
    <subfield code="l">0</subfield>
    <subfield code="o">347.61 Z32 v.2 2ed.</subfield>
    <subfield code="p">L119992</subfield>
    <subfield code="r">2026-04-07 15:55:58</subfield>
    <subfield code="w">2026-04-07</subfield>
    <subfield code="y">L</subfield>
  </datafield>
</record>
